000 00844nam a2200265 a 4500
001 13908
003 BD-JhCC
005 20240514114247.0
008 210310b20182023b a|||| ||a| 000 0 b d
020 _a9789843468178
035 _a(BD-JhCC)13908
040 _aBD-JhCC
_dBD-JhCC
041 _aben
082 _a032.02
_bREZ 2024
100 _a রেজা,খন্দকার আল-মামুন
245 _aখন্দকার’স GK /
_bসাধারণ জ্ঞান
_cখন্দকার আল-মামুন রেজা
260 _aঢাকা :
_bলিজেন্ড পারলিকেশন্স;
_c২০২৩.
300 _a982 p. :
_c22 cm.
650 _aGeneral Knowledge
650 _aScience
650 _aRecreation
650 _aZoology, History
942 _2ddc
_cBK
999 _c13908
_d13908